000 00718nam a2200277Ia 4500
005 20260320195839.0
008 008 262003s9999 xx 000 0 hin d
020 _a9788119159208
037 _aEBOOK
040 _aCRL
040 _bhin
040 _cCRL
041 _2hin
041 _ahin
084 _qCRL
100 _aनामवर सिंह , सं. आशीष त्रिपाठी
_91132859
245 0 _aजीवन क्या जिया
250 _a2nd
260 _bRajkamal
260 _c2023
300 _a366
856 _uhttps://ebook.indiaread.in/pdfs/Jeevan_Kya_Jiya_by_Ashish_Tripathi.pdf
942 _cEBOOK
999 _c1716824
_d1716824